La Sardaigne de A à Z - Statistiques

Statistiques générales
  • Ce quiz a été pris 55 fois
  • Le résultat moyen est 8 sur 26
Statistiques - réponses
Description Réponse % Correct
I Biere emblématique de la Sardaigne Ichnusa
69%
A Ville côtière sarde connue pour son héritage catalan, autant dans son dialecte que dans l'architecture Alghero
58%
C Pain fin et croquant typique de cette derniere région Carasau
53%
H Qu'est ce que S'hymnu sardu nationale Hymne de la sardaigne
53%
L Animal présent dans le cazu martzu Larve
49%
N Construction préhistorique souvent constituée d'une unique tour ronde Nuraghe
44%
Y Gros bateau aux alentours des iles de la Madeleine, surtout en été. Yacht
44%
T En quatre exemplaires sur le drapeau sarde Tête de Maure
40%
V Sur quoi roule le sarde Fabio Aru Velo (coureur cycliste)
40%
U Beaucoup de villages sardes sont aujourd'hui inhabités (villafes fantomes), créant un terrain de jeu pour cette activité. Urbex
38%
X Siècle où le Royaume de Sardaigne a été officiellement créé XIVe
38%
F Plat traditionnel à base de pâtes en petites billes Fregola
36%
E Traduction de "oui" en sarde Eja
33%
S Côte qui porte le nom d'un minéral Smeralda
33%
Z Ancien joueur de foot d'origine sarde qui a joué à Cagliari, à Chelsea ou encore dans l'équipe nationale italienne. Gianfranco Zola
31%
B Termes associés aux hors-la-loi historiques (XVIIe et le XIXe siècle) de la Sardaigne. Ils représentés dans les célèbres murales d'Orgosolo en signe de résistance. Bandits
24%
M Personnage du carnaval du village de Mamoiada. Ils portent des masques en bois et des costumes traditionnels en peau de mouton, et secouent de lourdes cloches. Mamuthones
24%
G Massif montagneux principal de la sardaigne Gennargentu
20%
D Originaire de Nuoro, elle a été prix Nobel de littérature en 1926 Gracia Deledda
16%
R Mouvement d'unification italienne au XIXe siècle, mené en partie par le Royaume de Sardaigne, qui donna naissance au Royaume d'Italie. Risorgimento
16%
K Phénomène à l'origine de la Grotta del Bue Marino Karst
9%
W Je peux me retrouver dedans si j'utilise l'ARST Wagon
9%
Q Vieille ville pittoresque de Cagliari, qui se dresse au sommet d'une colline Quartiere Castello
7%
P Chants des bergers sardes (patrimoine culturel immatériel de l’humanité par l’UNESCO en 2008) Polyphoniques
4%
J Nom des quatre royaumes de la Sardaigne médiévale Judicat
2%
O Instrument de musique traditionnel, qui ressemble à un accordéon et est encore souvent joué pour accompagner les musiques sardes Organetto
2%
Aucun quiz correspondant
Distribution des résultats
% des personnes avec chaque résultat
Percentile par nombre de réponses
Votre historique - résultats
Vous n’avez pas pris ce quiz